Estatuts de la Fundació Pública 'Patronat d'Assistència Mèdico-Farmacèutica per a funcionaris de l'Excma. Diputació de Barcelona (P.A.A.S.I.S.) : comissió de govern 23 d'octubre de 1984 comissió de govern 23 d'octubre de 1984
Descripción Física:
17 f. : mecanografiats ; 30 cm
MARC
| LEADER | 00000nam a2200000Ia 4500 | ||
|---|---|---|---|
| 001 | 9000 | ||
| 008 | 160829s1984] xx 000 0 cat d | ||
| 080 | |a FU-24-3 | ||
| 110 | 1 | |a Barcelona (Catalunya : Província). |b Patronat d'Assistència Mèdico-Farmacèutica |9 56102 | |
| 245 | |a Estatuts de la Fundació Pública 'Patronat d'Assistència Mèdico-Farmacèutica per a funcionaris de l'Excma. Diputació de Barcelona (P.A.A.S.I.S.) : |b comissió de govern 23 d'octubre de 1984 | ||
| 260 | |a Barcelona : |b [Diputació, |c 1984] | ||
| 300 | |a 17 f. : |b mecanografiats ; |c 30 cm | ||
| 610 | 1 | 0 | |a Barcelona (Catalunya : Província). |b Patronat d'Assistència Mèdico-Farmacèutica |v Estatuts |9 56103 |
| 710 | 1 | |a Barcelona (Catalunya : Província). |b Diputació |9 52408 | |
| 901 | |a Arxiu | ||
| 942 | |n 1 | ||
| 952 | |0 0 |1 0 |4 0 |6 FU243 |7 1 |9 42718 |a Arxiu |b Arxiu |d 2016-12-01 |l 0 |o FU-24-3 |p 9000 |r 2016-12-01 00:00:00 |w 2016-12-01 |y ARXIU | ||
| 999 | |c 45224 |d 45224 | ||